00780 a2200217 4500003000500000005001700005020001500022040000900037082001900046100001600065245011500081250002100196260003700217300002400254505007500278600001600353650003400369942001200403999001900415952012800434Nust20221202183539.0 a8176566527 cNust a621.381528,BPB aVRT9104058 aUp-to date world's transistors diodes- thyristors & IC's comparison tablesb1N.....60,000....U VOLUME-2 /cVRT anew 2003 edition aBPB PublicationbNew Delhic2003 a649 pbillusc24 cm aComparison Table Reference Table (Page-2), Pin Assignments (Page-651). aVRT9104058 aTelecommunication Engineering 2ddccBK c182322d182322 00102ddc4070aMCSbMCScGENd2016-12-12o621.381528,BPBpMCS30316r2016-12-08w2016-12-12yBKzAlmirah No.34, Shelf No.1